[Event "Feffernitz Raika op 05th"]
[Site "Feffernitz"]
[Date "1996.??.??"]
[Round "?"]
[White "Hornung, M."]
[Black "Wellner, Elfriede"]
[Result "0-1"]
[WhiteElo "1605"]
[BlackElo "1605"]
[PlyCount "37"]
[EventDate "1996.08.??"]
[EventType "swiss"]
[EventRounds "9"]
[EventCountry "AUT"]
[SourceTitle "EXT 2004"]
[Source "ChessBase"]
[SourceDate "2003.11.25"]
[SourceVersion "1"]
[SourceVersionDate "2003.11.25"]
[SourceQuality "1"]

1. e4 d6 2. Nc3 Nf6 3. Nf3 g6 4. Bc4 Bg7 5. 0-0 0-0 6. d4 c6 7. b3 b5 8. Bxb5 cxb5 9. Nxb5 a6 10. Nc3 Bb7 11. e5 dxe5 12. Nxe5 Nc6 13. Qe2 Qxd4 14. Qd2 Qxe5 15. g3 Qc7 16. Ba3 Rfd8 17. Qg5 h6 18. Qc5 Ne8 19. Bb2 0-1

[Event "Feffernitz Raika op 05th"]
[Site "Feffernitz"]
[Date "1996.??.??"]
[Round "?"]
[White "Piskernig, M."]
[Black "Hornung, M."]
[Result "1-0"]
[WhiteElo "1630"]
[BlackElo "1605"]
[PlyCount "20"]
[EventDate "1996.08.??"]
[EventType "swiss"]
[EventRounds "9"]
[EventCountry "AUT"]
[SourceTitle "EXT 2004"]
[Source "ChessBase"]
[SourceDate "2003.11.25"]
[SourceVersion "1"]
[SourceVersionDate "2003.11.25"]
[SourceQuality "1"]

1. e4 e5 2. Nf3 Nc6 3. d4 d6 4. dxe5 g6 5. Bg5 Nf6 6. Bxf6 Qxf6 7. exf6 Be6 8. Bb5 0-0-0 9. Bxc6 Rd7 10. Qd4 Bg4 1-0

[Event "Feffernitz Raika op 05th"]
[Site "Feffernitz"]
[Date "1996.??.??"]
[Round "?"]
[White "Reiss, Georg"]
[Black "Hornung, M."]
[Result "1-0"]
[WhiteElo "1605"]
[BlackElo "1605"]
[PlyCount "49"]
[EventDate "1996.08.??"]
[EventType "swiss"]
[EventRounds "9"]
[EventCountry "AUT"]
[SourceTitle "EXT 2004"]
[Source "ChessBase"]
[SourceDate "2003.11.25"]
[SourceVersion "1"]
[SourceVersionDate "2003.11.25"]
[SourceQuality "1"]

1. e4 e5 2. f4 Qh4+ 3. g3 Qf6 4. fxe5 Qxe5 5. Nc3 Bc5 6. Nf3 Qd4 7. Nxd4 Bxd4 8. Nd5 Nf6 9. Nxc7+ Kf8 10. Nxa8 Nxe4 11. Qf3 d5 12. c4 Be6 13. Nc7 Ke7 14. cxd5 Bd7 15. Qxe4+ Kd6 16. Qxd4 Rg8 17. Nb5+ Bxb5 18. Bxb5 a6 19. Ba4 b5 20. Bc2 Re8+ 21. Kf2 g6 22. Re1 Rf8 23. b3 f5 24. Ba3+ b4 25. Bxb4+ 1-0